A-Z Pixar Movies - Statistics

General Stats
  • This quiz has been taken 617 times
    577 since last reset
  • The average score is 13 of 14
Answer Stats
Letter Hint Answer % Correct
C Lightning McQueen wants to win the Piston Cup, but gets stuck in Radiator Springs Cars
99%
F A clownfish rebelled against his father and gets lost. His father and a blue tang try and find him Finding Nemo
98%
T Movie about toys that come to life when their owner is not present Toy Story
97%
B Movie about a princess called Merida who defies an age-old custom Brave
96%
W Movie about a robot who accidentally gets on a spaceship with another robot WALL-E
96%
M Sully and Mike Wazowski try to hide a human child. Monsters Inc.
95%
R A French rat helps a hopeless chef called Linguini make delicious dishes Ratatouille
95%
U A retired man called Carl travels to South America with a child called Russell Up
95%
I Movie about 5 emotions who get caught up in an adventure Inside Out
94%
S A jazz musician gets separated from his soul Soul
89%
A Movie about an ant called Flik who rebelled against grasshoppers A Bug's Life
86%
L Movie about a boy who is actually a sea monster. If his human best friend finds out his secret identity, their relationship will be threatened Luca
80%
G Movie about an apatosaurus who befriends a caveboy Good Dinosaur, the
76%
O Two elf brothers set out on an epic journey to find their father Onward
73%
No matching quizzes found
Score Distribution
Percent of People with Each Score
Percentile by Number Answered
Your Score History
You have not taken this quiz since the last reset